Pokédex en images : Écarlate et Violet - Myrtille - Statistiques

Statistiques générales
  • Ce quiz a été pris 10 fois
  • Le résultat moyen est 165 sur 243
Statistiques - réponses
Par images Réponse % Correct
Cizayox
100%
Doduo
100%
Insécateur
100%
Leveinard
100%
Magmar
100%
Mimitoss
100%
Noadkoko
100%
Noeunoeuf
100%
Rhinastoc
100%
Tauros
100%
Airmure
86%
Arcko
86%
Blizzaroi
86%
Blizzi
86%
Braségali
86%
Bulbizarre
86%
Carabaffe
86%
Dodrio
86%
Dracaufeu
86%
Élekable
86%
Élekid
86%
Élektek
86%
Feunard
86%
Feurisson
86%
Flagadoss
86%
Florizarre
86%
Galifeu
86%
Germignon
86%
Girafarig
86%
Gobou
86%
Goupix
86%
Gravalanch
86%
Grolem
86%
Grotadmorv
86%
Hélionceau
86%
Herbizarre
86%
Hypocéan
86%
Hypotrempe
86%
Kaiminus
86%
Kapoera
86%
Kicklee
86%
Kraknoix
86%
Lokhlass
86%
Lovdisc
86%
Magby
86%
Magnéti
86%
Magnéton
86%
Mangriff
86%
Monaflèmit
86%
Motisma
86%
Mystherbe
86%
Négapi
86%
Ortide
86%
Ouisticram
86%
Parecool
86%
Pashmilla
86%
Pingoléon
86%
Porygon
86%
Porygon-Z
86%
Posipi
86%
Poussifeu
86%
Ptiravi
86%
Queulorior
86%
Racaillou
86%
Rafflesia
86%
Ramoloss
86%
Reptincel
86%
Rhinocorne
86%
Roigada
86%
Rototaupe
86%
Sabelette
86%
Salamèche
86%
Simiabraz
86%
Snubbull
86%
Tadmorv
86%
Tentacool
86%
Tentacruel
86%
Tiplouf
86%
Tortank
86%
Tortipouss
86%
Triopikeur
86%
Tygnon
86%
Vipélierre
86%
Zébibron
86%
Aéromite
71%
Aligatueur
71%
Altaria
71%
Boskara
71%
Carapuce
71%
Chamallot
71%
Charkos
71%
Chimpenfeu
71%
Clamiral
71%
Crocorible
71%
Débugant
71%
Dinoclier
71%
Écayon
71%
Feunnec
71%
Flambusard
71%
Flobio
71%
Golemastoc
71%
Granbull
71%
Grenousse
71%
Gringolem
71%
Gruikui
71%
Hachécateur
71%
Héricendre
71%
Hyporoi
71%
Jungko
71%
Kranidos
71%
Laggron
71%
Lamantine
71%
Lanturn
71%
Libégon
71%
Loupio
71%
Maganon
71%
Magnézone
71%
Mascaïman
71%
Massko
71%
Méganium
71%
Métalosse
71%
Minotaupe
71%
Moustillon
71%
Mygavolt
71%
Otaria
71%
Ouistempo
71%
Polarhume
71%
Porygon2
71%
Prinplouf
71%
Pyrobut
71%
Qwilfish
71%
Rhinoféros
71%
Sablaireau
71%
Séviper
71%
Sidérella
71%
Statitik
71%
Taupiqueur
71%
Terhal
71%
Torterra
71%
Tylton
71%
Typhlosion
71%
Vigoroth
71%
Zéblitz
71%
Amphinobi
57%
Anchwatt
57%
Baggaïd
57%
Baggiguane
57%
Bastiodon
57%
Boguérisse
57%
Brindibou
57%
Camérupt
57%
Charmilly
57%
Chartor
57%
Chinchidou
57%
Coupenotte
57%
Crabagarre
57%
Crèmy
57%
Croâporal
57%
Crocrodil
57%
Doudouvet
57%
Efflèche
57%
Escroco
57%
Farfaduvet
57%
Farigiraf
57%
Flamiaou
57%
Furaiglon
57%
Grotichon
57%
Haydaim
57%
Joliflor
57%
Lampéroie
57%
Lapyro
57%
Larméléon
57%
Leuphorie
57%
Lianaja
57%
Luminéon
57%
Macronium
57%
Majaspic
57%
Mamanbo
57%
Marisson
57%
Matoufeu
57%
Mesmerélla
57%
Métang
57%
Némélios
57%
Nucléos
57%
Oratoria
57%
Piclairon
57%
Polagriffe
57%
Psystigri
57%
Qwilpik
57%
Roitiflam
57%
Scrutella
57%
Sepiatop
57%
Sepiatroce
57%
Symbios
57%
Tarenbulle
57%
Vaututrice
57%
Vibraninf
57%
Vivaldaim
57%
Araqua
43%
Archéduc
43%
Badabouin
43%
Bazoucan
43%
Blindépique
43%
Braisillon
43%
Crabominable
43%
Denticrisse
43%
Duralugon
43%
Félinferno
43%
Flambino
43%
Gorythmic
43%
Goupelin
43%
Gueriaigle
43%
Guérilande
43%
Incisache
43%
Lézargus
43%
Mateloutre
43%
Méios
43%
Météno
43%
Mistigrix
43%
Ohmassacre
43%
Otaquin
43%
Otarlette
43%
Passerouge
43%
Pêchaminus
43%
Picassaut
43%
Polthégeist
43%
Roussil
43%
Terapagos
43%
Théffroi
43%
Tranchodon
43%
Vostourno
43%
Arrozard
29%
Bérasca
29%
Chef-de-Fer
29%
Feu-Perçant
29%
Ire-Foudre
29%
Léboulérou
29%
Plumeline
29%
Pomdorochi
29%
Pondralugon
29%
Roc-de-Fer
29%
Serpente-Eau
29%
Vert-de-Fer
29%
Aucun quiz correspondant
Distribution des résultats
% des personnes avec chaque résultat
Percentile par nombre de réponses
Votre historique - résultats
Vous n’avez pas pris ce quiz